| 000 | 00831nas a2200253 4500 | ||
|---|---|---|---|
| 001 | BR8807609 | ||
| 003 | BR-BrBNA | ||
| 005 | 20231205091416.0 | ||
| 007 | ta | ||
| 008 | 230509b bl.|||p| |||| 00| 00por d | ||
| 040 |
_aBR-BrBNA _bpor _cBiblioteca Nacional de Agricultura |
||
| 041 | _a(Pt) | ||
| 072 | _aH10 | ||
| 100 | 1 | _aFoerster, L.A. | |
| 245 | 1 | _aAcao de baixas dosagens de clorpirifos e thiodicarb no controle de Epinotia aporema (Walsingham, 1914)(Lepidoptera: Tortricidae)em soja | |
| 650 | _aBROCA DAS AXILAS | ||
| 650 | _aSOJA | ||
| 650 | _aCONTROLE QUIMICO | ||
| 650 | _aEFEITO RESIDUAL | ||
| 650 | _aINSETICIDA | ||
| 773 | 0 |
_tAnais da Sociedade Entomologica do Brasil (Brazil) _xISSN 0301-8059 _g(Jul 1988), v. 17(1) p. 71-79 _wBR8807609 |
|
| 909 |
_a202311 _bLúcia _c55 _dLúcia Elande |
||
| 942 |
_2AGRIS _n0 _cANA |
||
| 999 |
_c124887 _d124887 |
||